| 000 | 00503nam a2200181 a 4500 | ||
|---|---|---|---|
| 001 | 15418 | ||
| 003 | CO-ViMGA | ||
| 008 | 141112s2004 ck r 000 u spa d | ||
| 020 | _a9580205167 | ||
| 040 |
_aCO-ViMGA _bspa _cCO-ViMGA |
||
| 082 | 0 | 4 | _aCh860.4 O736 |
| 100 | 1 |
_aOrdoñez, Antonio _922431 |
|
| 245 | 1 | 0 |
_aAnálisis literario de La Araucana : _bAlonso de Ercilla |
| 260 |
_aBogotá, _cVoluntad, _c1991 |
||
| 300 | _a63.p. | ||
| 650 | 1 | 4 |
_aLA ARAUCANA - ANALISIS LITERARIO _922432 |
| 942 |
_2ddc _cBK |
||
| 999 |
_c25751 _d25751 |
||